| 000 | 006900000a22001930004500 | ||
|---|---|---|---|
| 090 |
_aAR _b00810 |
||
| 245 | 1 | 0 | _aProyecto cooperativo de conservación y recuperación de la flora y fauna del valle geográfico del río Cauca |
| 650 | 1 | 4 |
_aProyectos de conservación _916299 |
| 650 | 1 | 4 |
_aParticipación comunitaria _993999 |
| 650 | 1 | 4 |
_aEducación ambiental _9162 |
| 650 | 1 | 4 |
_aReforestación _992878 |
| 651 | 4 |
_lRío Cauca _pColombia _992749 |
|
| 041 | 0 | _aEspañol | |
| 710 | 1 |
_aFundación Ecovivero _994000 |
|
| 710 | 1 |
_aCorporación Autónoma Regional del Valle del Cauca _sCVC _994001 |
|
| 110 | 1 |
_aUniversidad del Valle _994002 |
|
| 942 | _cARTICULO | ||
| 773 | 1 |
_tASOCAÑA _3306 _q1-6 _d1994 |
|
| 999 |
_c9900 _d9900 |
||